[Event "WJCC U20 Girls 2019"]
[Site "New Delhi"]
[Date "2019.10.16"]
[Round "2.25"]
[White "Vantika Agrawal"]
[Black "Nomindalai Tumurbaatar"]
[Result "1-0"]
[WhiteElo "2283"]
[BlackElo "2061"]
[Annotator "TA"]
[PlyCount "61"]
[EventDate "2019.10.15"]
[EventType "swiss"]
[EventCountry "IND"]
[SourceTitle "playchess.com"]
[Source "ChessBase"]
[SourceQuality "1"]

{[%evp 18,61,99,99,108,104,94,87,85,85,120,124,141,122,122,123,157,143,152,181,220,197,449,444,973,953,29988,29989,29989,29990,29990,949,29989,29990,29990,29991,29991,29992,29992,29991,29991,29992,29992,3191,29993,29994]} 1. d4 d6 2. Nf3 Bg4 3. e4 Nf6 4. h3 Bh5 5. Nc3 e6 6. Qe2 c6 7. g4 Bg6 8. h4 h5 9. g5 Nfd7 10. Bh3 Be7 {A41: 1 d4 d6: Tartakower System and Modern Defence} (10... Qa5 11. d5 e5 12. Nd2 Qa6 13. Qf3 Be7 14. Nb3 Qb6 15. Be3 Qc7 16. O-O-O a6 17. dxc6 bxc6 18. Bf5 Nb6 19. Qh3 N8d7 20. Bxb6 {1-0 (20) Rapport,R (2720)-Danielsen,H (2488) Reykjavik 2016}) 11. d5 cxd5 12. exd5 e5 {White is better.} 13. Be3 a6 14. O-O-O b5 15. Nxe5 $146 ({Predecessor:} 15. Rhe1 O-O {1-0 (35) Borgo,G (2453)-Monroy,C (2399) Olbia 2008}) 15... Nxe5 ({Don't go for} 15... dxe5 $2 16. d6 $18) 16. Bd4 $1 b4 {[#]} 17. Ne4 $1 O-O {[#]} 18. f4 $1 Bxe4 19. Qxe4 Ned7 $2 (19... Ng6) 20. Rde1 $18 Re8 (20... Nb6 $142 21. g6 (21. Qxe7 Qxe7 22. Rxe7 Nxd5 $16) 21... N8d7 22. Qxe7 Nc5 23. Qxd8 Raxd8 24. gxf7+ Rxf7) 21. g6 {Intending gxf7+ and mate.} Nf8 22. gxf7+ Kxf7 23. Be6+ Nxe6 24. Qxe6+ Kf8 25. Qg6 {[%csl Gd4][%cal Rg6g7]} Bf6 26. Bxf6 {[%mdl 64] Overworked Piece} gxf6 27. Qh6+ Kf7 28. Qxh5+ Kf8 29. Qh6+ Kf7 30. Qh7+ Kf8 31. Reg1 {Accuracy: White = 100%, Black = 54%.} 1-0

[Event "WJCC U20 Girls 2019"]
[Site "New Delhi"]
[Date "2019.10.16"]
[Round "2.26"]
[White "Obregon Garcia, Roxangel"]
[Black "Toshali, V."]
[Result "0-1"]
[WhiteElo "2267"]
[BlackElo "1868"]
[Annotator "TA"]
[PlyCount "50"]
[EventDate "2019.10.15"]
[EventType "swiss"]
[EventCountry "IND"]
[SourceTitle "playchess.com"]
[Source "ChessBase"]
[SourceQuality "1"]

{[%evp 11,50,50,69,35,60,57,57,43,58,30,23,24,19,0,0,-40,0,-32,-13,-17,-43,-49,29,29,30,11,35,-20,-13,-23,-24,-115,-97,-124,-112,-375,-380,-635,-502,-1022,-970]} 1. e4 Nc6 2. Nf3 d6 3. d4 Nf6 4. Nc3 Bg4 5. Be3 e5 6. d5 Ne7 7. a4 {B00: Queen's Fianchetto Defence, Nimzowitsch Defence} (7. h3 Bd7 8. Nd2 Ng6 9. Nc4 Be7 10. a4 O-O 11. g3 c6 12. Bg2 cxd5 13. exd5 Ne8 14. Qd3 f5 {1-0 (32) Lu,S (2628)-Eid,F (2338) Ashkhabad 2017}) 7... Ng6 8. h3 Bd7 9. Nd2 {White is slightly better.} c6 $146 ({Predecessor:} 9... Be7 10. a5 a6 11. Nc4 O-O 12. Qd2 Nxe4 13. Nxe4 f5 14. g3 fxe4 {1-0 (41) Fitzsimons,D (2299)-Lam,P (2118) Newcastle 2019}) 10. a5 cxd5 11. exd5 Be7 12. Nc4 O-O 13. Qd2 Nh5 14. g3 f5 $1 15. Be2 Nf6 16. h4 Ne8 (16... f4 $15 17. gxf4 Nxf4) 17. h5 $11 Nh8 18. f4 Nf7 19. O-O-O ({White should try} 19. Kd1 $14) 19... b5 20. axb6 axb6 21. Bxb6 (21. Qd3 $1 $11 {was the only way to keep the balance.}) 21... Ra1+ $17 22. Nb1 Qa8 {White must now prevent ...Nf6.} 23. Qb4 $2 {[%mdl 8192] [#]} (23. Nca3 $17) 23... Nf6 $19 24. fxe5 $2 (24. Bf3 e4 25. Be2) 24... Nxd5 25. Qb3 (25. Rxd5 $142 Qxd5 26. Rd1) 25... Nxb6 {Accuracy: White = 17%, Black = 50%.} 0-1

[Event "WJCC U20 Girls 2019"]
[Site "New Delhi"]
[Date "2019.10.16"]
[Round "2.27"]
[White "Di Benedetto, Desiree"]
[Black "Tsotsonava, Elene"]
[Result "0-1"]
[WhiteElo "2235"]
[BlackElo "1905"]
[Annotator "NA"]
[PlyCount "54"]
[EventDate "2019.10.15"]
[EventType "swiss"]
[EventCountry "IND"]
[SourceTitle "playchess.com"]
[Source "ChessBase"]
[SourceQuality "1"]
[TimeControl "40/5400+30:1800+30"]

1. d4 {[%emt 0:00:00]} d5 {[%emt 0:00:00]} 2. Nf3 {[%emt 0:00:29]} c5 {[%emt 0:00:00]} 3. g3 {[%emt 0:03:47]} cxd4 {[%emt 0:00:36]} 4. Nxd4 {[%emt 0:01:49]} e5 {[%emt 0:02:15]} 5. Nb3 {[%emt 0:00:24]} Nf6 {[%emt 0:00:28]} 6. Bg2 {[%emt 0:00:23]} Nc6 {[%emt 0:00:11]} 7. O-O {[%emt 0:00:25]} Be6 {[%emt 0:01:01]} 8. Bg5 {[%emt 0:09:31]} Be7 {[%emt 0:00:28]} 9. Nc3 {[%emt 0:06:01]} d4 {[%emt 0:00:24]} 10. Bxf6 {[%emt 0:01:16]} gxf6 {[%emt 0:01:34]} 11. Ne4 {[%emt 0:03:56]} f5 {[%emt 0:12:22]} 12. Nec5 {[%emt 0:02:44]} Bxb3 {[%emt 0:12:46]} 13. Nxb3 {[%emt 0:00:58]} Rg8 {[%emt 0:00:41]} 14. Qd3 {[%emt 0:03:03]} Qd7 {[%emt 0:05:57]} 15. Qb5 {[%emt 0:07:36]} a6 {[%emt 0:05:34]} 16. Qb6 {[%emt 0:09:23]} Rc8 {[%emt 0:08:22]} 17. c3 {[%emt 0:02:57]} Bd8 {[%emt 0:12:44]} 18. Bxc6 {[%emt 0:22:05]} Rxc6 $19 {[%emt 0:00:30]} ({Stronger than} 18... Bxb6 19. Bxd7+ Kxd7 20. Rfd1 $14) 19. Qb4 {[%emt 0:00:17]} f4 {[%emt 0:07:31]} 20. Nd2 {[%emt 0:15:28]} Qh3 {[%emt 0:07:39]} 21. Qxb7 {[%emt 0:01:06]} Rgg6 {[%emt 0:00:14]} 22. Rfc1 {[%emt 0:02:56]} Rh6 {[%emt 0:03:31]} 23. Nf1 {[%emt 0:00:59]} e4 {[%emt 0:00:30]} 24. cxd4 {[%emt 0:03:53]} f3 {[%emt 0:00:50]} 25. exf3 {[%emt 0:00:10]} exf3 {[%emt 0:01:23]} 26. Re1+ {[%emt 0:00:46]} Kf8 {[%emt 0:00:19]} 27. Qb4+ {[%emt 0:00:25]} Kg7 {[%emt 0:00:30]} 0-1

[Event "WJCC U20 Girls 2019"]
[Site "New Delhi"]
[Date "2019.10.16"]
[Round "2.28"]
[White "Bakshi, Rutuja"]
[Black "Priyanka, Kumari"]
[Result "0-1"]
[WhiteElo "2029"]
[BlackElo "1921"]
[Annotator "NA"]
[PlyCount "96"]
[EventDate "2019.10.15"]
[EventType "swiss"]
[EventCountry "IND"]
[SourceTitle "playchess.com"]
[Source "ChessBase"]
[SourceQuality "1"]
[TimeControl "40/5400+30:1800+30"]

1. Nf3 {[%emt 0:00:00]} Nf6 {[%emt 0:00:00]} 2. c4 {[%emt 0:00:00]} g6 {[%emt 0:00:00]} 3. g3 {[%emt 0:00:05]} Bg7 {[%emt 0:00:06]} 4. Bg2 {[%emt 0:00:07]} d6 {[%emt 0:00:22]} 5. Nc3 {[%emt 0:00:25]} O-O {[%emt 0:00:40]} 6. O-O {[%emt 0:00:09]} c6 {[%emt 0:01:40]} 7. d4 {[%emt 0:03:08]} Bf5 {[%emt 0:00:24]} 8. Nh4 {[%emt 0:03:11]} Be6 {[%emt 0:00:57]} 9. d5 {[%emt 0:07:33]} cxd5 {[%emt 0:00:51]} 10. cxd5 {[%emt 0:00:32]} Bd7 {[%emt 0:00:53]} 11. Nf3 {[%emt 0:01:42]} Na6 {[%emt 0:04:07]} 12. h3 {[%emt 0:03:50]} Qb6 {[%emt 0:04:19]} 13. e4 {[%emt 0:10:18]} Rfc8 {[%emt 0:07:41]} 14. Qe2 {[%emt 0:08:16]} Nc5 {[%emt 0:10:53]} 15. Be3 {[%emt 0:15:06]} Qa6 {[%emt 0:09:33]} 16. Qxa6 {[%emt 0:03:49]} bxa6 {[%emt 0:02:27]} 17. Bxc5 {[%emt 0:04:02]} Rxc5 {[%emt 0:01:02]} 18. e5 {[%emt 0:03:09]} Ne8 {[%emt 0:10:43]} 19. Rfe1 {[%emt 0:03:30]} Kf8 {[%emt 0:02:41]} 20. Rad1 {[%emt 0:05:47]} Rb8 {[%emt 0:03:17]} 21. Rd2 {[%emt 0:01:29]} h6 {[%emt 0:07:32]} 22. Bf1 {[%emt 0:17:38]} a5 {[%emt 0:02:14]} 23. Bd3 {[%emt 0:04:22]} Bxh3 {[%emt 0:02:55]} 24. Bb1 {[%emt 0:02:00]} dxe5 {[%emt 0:02:51]} 25. Nxe5 {[%emt 0:01:38]} Bxe5 {[%emt 0:01:17]} 26. Rxe5 {[%emt 0:00:01]} Rxc3 {[%emt 0:00:49]} 27. bxc3 {[%emt 0:00:02]} Rxb1+ {[%emt 0:00:10]} 28. Kh2 {[%emt 0:00:02]} Bf1 {[%emt 0:02:43]} 29. f4 {[%emt 0:01:38]} Nd6 {[%emt 0:01:50]} 30. Rf2 {[%emt 0:00:17]} Bc4 {[%emt 0:03:54]} 31. Rd2 {[%emt 0:00:59]} a4 {[%emt 0:00:55]} 32. g4 {[%emt 0:00:27]} a3 {[%emt 0:00:40]} 33. g5 {[%emt 0:00:21]} Rb2 {[%emt 0:00:52]} 34. Rg2 {[%emt 0:00:05]} Bf1 {[%emt 0:00:38]} 35. Rxb2 {[%emt 0:00:32]} axb2 {[%emt 0:00:06]} 36. Re1 {[%emt 0:00:04]} Bd3 {[%emt 0:00:07]} 37. gxh6 {[%emt 0:00:03]} b1=Q {[%emt 0:00:11]} 38. Rxb1 {[%emt 0:00:03]} Bxb1 {[%emt 0:00:07]} 39. h7 {[%emt 0:00:03]} Kg7 {[%emt 0:00:05]} 40. h8=Q+ {[%emt 0:00:18]} Kxh8 {[%emt 0:00:04]} 41. a4 {[%emt 0:30:07]} a5 {[%emt 0:30:10]} 42. Kg1 {[%emt 0:00:05]} Bc2 {[%emt 0:00:05]} 43. Kf2 {[%emt 0:00:03]} Bxa4 {[%emt 0:00:07]} 44. Ke3 {[%emt 0:00:02]} Bb3 {[%emt 0:00:22]} 45. Kd2 {[%emt 0:00:03]} a4 {[%emt 0:00:49]} 46. Kc1 {[%emt 0:00:03]} a3 {[%emt 0:00:03]} 47. Kb1 {[%emt 0:00:03]} Nc4 {[%emt 0:00:21]} 48. Ka1 {[%emt 0:00:03]} Ne3 {[%emt 0:00:19]} 0-1

[Event "WJCC U20 Girls 2019"]
[Site "New Delhi"]
[Date "2019.10.16"]
[Round "2.29"]
[White "Harshini A"]
[Black "Levitan, Ronit"]
[Result "1/2-1/2"]
[WhiteElo "2230"]
[BlackElo "1893"]
[Annotator "TA"]
[PlyCount "124"]
[EventDate "2019.10.15"]
[EventType "swiss"]
[EventCountry "IND"]
[SourceTitle "playchess.com"]
[Source "ChessBase"]
[SourceQuality "1"]

{[%evp 28,124,7,0,92,47,86,-100,-112,-99,-107,-99,-107,-108,-94,-89,-58,-52,-59,-179,-114,-117,-116,-126,-123,-123,-29,-37,-33,-54,-20,-49,-33,-26,-32,-38,-33,-55,-51,-53,-57,-85,-75,-67,0,-91,0,0,0,0,0,0,0,0,0,0,19,19,30,22,27,17,34,41,42,8,20,12,16,-62,45,59,73,0,0,0,0,0,0,0,22,24,54,8,8,0,0,0,8,0,0,0,0,0,0,0,0,0,0]} 1. e4 e5 2. Nf3 Nc6 3. Bb5 a6 4. Ba4 Nf6 5. O-O Nxe4 6. d4 b5 7. Bb3 d5 8. dxe5 Be6 9. c3 Bc5 10. Nbd2 O-O 11. Bc2 Nxf2 12. Rxf2 f6 13. exf6 Bxf2+ 14. Kxf2 Qxf6 15. Kg1 Rad8 {C82: Open Ruy Lopez: 9 c3 without 9...Be7} (15... Rae8 $11 {remains equal.}) (15... Rae8 16. h3 Bxh3 17. Nf1 Ne5 18. N1h2 Qb6+ 19. Nd4 Bg4 20. Nxg4 Nxg4 21. Bg5 h5 22. Qd3 Re4 23. b4 Qd6 24. Qh3 Qe5 25. Bxe4 Qxg5 26. Bh7+ Kh8 27. Ne6 Qf6 28. Bf5 Qxf5 29. Nxf8 {1-0 (29) Amonatov,F (2610)-Hansen,S (2595) Baku 2016}) 16. Qe1 Rde8 {Strongly threatening ...Bf5.} 17. Qh4 $146 (17. Qg3 $1 $16 {stays on course.}) ({Predecessor:} 17. Qg3 Bf5 18. Bb3 Qd8 19. Nf1 Na5 20. Bh6 Rf7 21. Bg5 Qa8 22. Ne5 Rff8 23. Ne3 {½-½ (41) Maryasin,B-Litvinov,V Minsk 1977}) 17... Qxh4 $17 {Black is better.} 18. Nxh4 g5 $1 {[%cal Rg5h4]} 19. Nhf3 {[#]} g4 $1 {[%mdl 1024] Black has strong compensation.} 20. Nh4 Bd7 21. h3 Re1+ 22. Kh2 Rf2 23. Rb1 {[#]} ({White must play} 23. hxg4 $1 $15 Rxd2 {[%mdl 64] Pin} 24. Nf3 Rh1+ 25. Kxh1 Rxc2 26. Ne1) 23... Rxc1 ({Black should try} 23... gxh3 $1 $19 24. Ndf3 Ref1) 24. Rxc1 {Threatens to win with Nb3.} Rxd2 25. hxg4 Bxg4 26. Kg3 Bd7 (26... h5 $17 27. Nf3 Bxf3 28. gxf3 Kg7) 27. Nf3 $11 Re2 28. Bd3 Re3 29. Bb1 Kg7 30. Rd1 Ne7 31. Kf2 Re6 32. b3 c5 33. g4 h6 34. Nh4 Rf6+ {[%mdl 64] Discovered Attack} 35. Kg3 Re6 (35... a5 $15) 36. Kf4 (36. Kf2 $11) 36... Bc6 (36... Re2 $17) 37. Nf5+ Nxf5 38. gxf5 {[%mdl 4096] Endgame KRB-KRB} Re2 39. Rg1+ Kf7 40. Rg6 Be8 {...Rb2 is the strong threat.} 41. Rxh6 (41. Rxa6 $2 Rb2 $19) 41... Re1 42. Bc2 Rc1 43. Bd3 c4 44. Be2 Kg7 45. Rxa6 Rxc3 46. Bf3 Rd3 47. bxc4 bxc4 48. Bg4 (48. Ra8 $11 Bf7 49. Bg4) 48... Rd4+ (48... c3 $1 $15 49. Kg5 d4 50. Ra7+ Kf8) 49. Kg5 $14 c3 {And now ...c2 would win.} 50. f6+ (50. Ra7+ $16 Kf8 51. Rc7) 50... Kf8 $1 $11 51. Bf5 Rc4 52. Bc2 {Black must now prevent Ra8!} d4 53. Rd6 Rb4 54. Rd8 Rb2 55. Ba4 Re2 {The position is equal.} 56. Bxe8 Rxe8 57. Rxd4 {KR-KR} Rc8 {( -> ...c2)} (57... c2 $5 58. Rc4 $8 Re2 $11) 58. Kg6 {White wants to mate with Rh4.} c2 59. Rh4 {[%cal Rh4h8]} Ke8 60. Rh8+ Kd7 61. Rxc8 Kxc8 62. f7 c1=Q {Accuracy: White = 45%, Black = 50%.} 1/2-1/2

[Event "WJCC U20 Girls 2019"]
[Site "New Delhi"]
[Date "2019.10.16"]
[Round "2.30"]
[White "Ulziikhishigjargal, Ochirkhuyag"]
[Black "Fretel, Liza"]
[Result "1-0"]
[WhiteElo "2194"]
[BlackElo "1877"]
[Annotator "NA"]
[PlyCount "79"]
[EventDate "2019.10.15"]
[EventType "swiss"]
[EventCountry "IND"]
[SourceTitle "playchess.com"]
[Source "ChessBase"]
[SourceQuality "1"]
[TimeControl "40/5400+30:1800+30"]

1. e4 {[%emt 0:00:00]} c5 {[%emt 0:00:00]} 2. Nf3 {[%emt 0:00:00]} Nc6 {[%emt 0:00:00]} 3. d4 {[%emt 0:00:01]} cxd4 {[%emt 0:00:00]} 4. Nxd4 {[%emt 0:00:04]} Nf6 {[%emt 0:00:00]} 5. Nc3 {[%emt 0:00:06]} d6 {[%emt 0:00:09]} 6. Be2 {[%emt 0:01:47]} e5 {[%emt 0:00:11]} 7. Nb3 {[%emt 0:01:24]} Be7 {[%emt 0:00:23]} 8. O-O {[%emt 0:01:56]} O-O {[%emt 0:00:07]} 9. Kh1 {[%emt 0:02:49]} a5 {[%emt 0:00:32]} 10. a4 {[%emt 0:06:32]} Nb4 {[%emt 0:00:26]} 11. f4 {[%emt 0:01:34]} Be6 {[%emt 0:03:45]} 12. f5 {[%emt 0:04:00]} Bd7 {[%emt 0:01:50]} 13. Bf3 {[%emt 0:06:04]} Bc6 {[%emt 0:01:08]} 14. Bd2 {[%emt 0:09:35]} d5 {[%emt 0:13:06]} 15. exd5 {[%emt 0:03:00]} Nbxd5 {[%emt 0:03:43]} 16. Qe1 {[%emt 0:05:58]} Nb4 {[%emt 0:02:31]} 17. Rc1 {[%emt 0:01:35]} Qc7 {[%emt 0:19:09]} 18. Bxc6 {[%emt 0:08:21]} bxc6 {[%emt 0:00:20]} 19. Ne4 {[%emt 0:00:31]} c5 {[%emt 0:04:13]} 20. Bg5 {[%emt 0:03:59]} Nxe4 {[%emt 0:15:39]} 21. Bxe7 {[%emt 0:00:20]} Qxe7 {[%emt 0:00:48]} 22. Qxe4 {[%emt 0:00:06]} Qc7 {[%emt 0:02:45]} 23. f6 {[%emt 0:00:24]} gxf6 {[%emt 0:04:06]} 24. Rf3 {[%emt 0:08:55]} f5 {[%emt 0:02:36]} 25. Rxf5 {[%emt 0:04:34]} f6 {[%emt 0:01:31]} 26. Rcf1 {[%emt 0:00:04]} Ra6 {[%emt 0:02:38]} 27. c3 {[%emt 0:00:06]} c4 {[%emt 0:00:50]} 28. Nd2 {[%emt 0:07:16]} Nd3 {[%emt 0:00:06]} 29. Nxc4 {[%emt 0:00:05]} Nf4 {[%emt 0:01:15]} 30. g3 {[%emt 0:00:54]} Ng6 {[%emt 0:00:27]} 31. Ne3 {[%emt 0:00:40]} Kg7 {[%emt 0:05:23]} 32. Nd5 {[%emt 0:03:21]} Qb8 {[%emt 0:00:24]} 33. h4 {[%emt 0:01:31]} h5 {[%emt 0:01:20]} 34. Rxh5 {[%emt 0:02:18]} Qxb2 {[%emt 0:01:23]} 35. Ne7 {[%emt 0:00:08]} f5 {[%emt 0:00:24]} 36. Nxf5+ {[%emt 0:00:05]} Kf7 {[%emt 0:04:26]} 37. Rh7+ {[%emt 0:05:04]} Kg8 38. Qd5+ {[%emt 0:00:07]} Kxh7 {[%emt 0:03:09]} 39. Qd7+ {[%emt 0:00:05]} Kh8 {[%emt 0:00:40]} 40. Qg7# {[%emt 0:00:05]} 1-0

[Event "WJCC U20 Girls 2019"]
[Site "New Delhi"]
[Date "2019.10.16"]
[Round "2.31"]
[White "Chitlange Sakshi"]
[Black "Ghosh Samriddhaa"]
[Result "1-0"]
[WhiteElo "2175"]
[BlackElo "1867"]
[Annotator "TA"]
[PlyCount "83"]
[EventDate "2019.10.15"]
[EventType "swiss"]
[EventCountry "IND"]
[SourceTitle "playchess.com"]
[Source "ChessBase"]
[SourceQuality "1"]

{[%evp 13,89,-10,0,0,0,-5,36,2,34,18,37,27,55,54,60,43,40,37,39,28,40,30,41,44,44,39,63,63,63,63,66,60,84,70,72,74,95,88,92,86,89,85,135,81,84,83,80,81,96,85,81,81,84,79,87,83,84,88,84,75,81,0,74,71,188,123,90,86,341,325,562,354,354,354,335,324,317,325]} 1. d4 d5 2. Bf4 Nf6 3. e3 e6 4. Nf3 Bd6 5. Bg3 O-O 6. Nbd2 c5 7. c3 Nc6 {[%cal Bb8c6,Bc6e7,Be7f5][%mdl 32]} 8. Bb5 {D02: 1 d4 d5 2 Nf3 sidelines, including 2...Nf6 3 g3 and 2...Nf6 3 Bf4} (8. Bd3 Qe7 9. Ne5 Nd7 10. Nxd7 Qxd7 11. Bxd6 Qxd6 12. dxc5 Qxc5 13. Bxh7+ Kxh7 14. Qh5+ Kg8 15. Ne4 g6 {½-½ (15) Riazantsev,A (2645)-Popov,I (2604) Moscow 2019}) 8... Ne7 9. Bd3 Nf5 10. Be5 {White is slightly better.} c4 11. Bc2 Ng4 $146 ({Predecessor:} 11... Bxe5 12. Nxe5 Nd6 13. h4 b5 14. a4 Nfe4 15. Nxe4 dxe4 {1-0 (32) Fuchs,J (2326)-Schulze,L (2130) Germany 2017}) 12. e4 dxe4 13. Bxe4 Bxe5 14. Nxe5 Nxe5 15. dxe5 Qc7 $1 16. Nf3 Bd7 17. Qe2 Ba4 18. O-O Rfd8 19. Rfe1 (19. Rae1 {is interesting.} Ne7 20. Nd4 Rac8 21. Qg4 Bc6 22. Bc2) 19... Rac8 20. Bxf5 exf5 21. Nd4 Bd7 22. Rad1 a6 23. h4 Be6 24. Qf3 g6 25. h5 Qe7 26. Qf4 Kg7 27. Rd2 Rc7 28. Rde2 (28. g4 $142) 28... Rcd7 $16 29. Re3 Kg8 30. Rg3 Kh8 31. hxg6 fxg6 32. Qh6 {[#] And now Rxg6 would win.} Rg8 33. Rh3 Qf7 34. Re2 Re7 35. Qg5 Rge8 36. Qf6+ Qg7 37. Qg5 Qf7 $1 38. f4 Qg7 {[#]} (38... Kg8 $16) 39. Kf2 (39. Ree3 $1 $18) 39... Bd5 40. Re1 Bg8 $2 {[%mdl 8192]} (40... Kg8 $16) 41. Reh1 $18 Bd5 $2 (41... Be6 {is a better defense.} 42. Rxh7+ Qxh7 43. Qf6+ Kg8 44. Rxh7 Kxh7 45. Nxe6 {[%mdl 64] Overworked Piece} Rxe6 46. Qf7+ {[%mdl 64] Double Attack} Kh6 47. Qxb7 R8e7) 42. Rxh7+ {Played: Rh3-h6} 1-0

[Event "WJCC U20 Girls 2019"]
[Site "New Delhi"]
[Date "2019.10.16"]
[Round "2.32"]
[White "Rindhiya V"]
[Black "Nastase, Andreea-Cristina"]
[Result "0-1"]
[WhiteElo "1817"]
[BlackElo "2077"]
[Annotator "NA"]
[PlyCount "150"]
[EventDate "2019.10.15"]
[EventType "swiss"]
[EventCountry "IND"]
[SourceTitle "playchess.com"]
[Source "ChessBase"]
[SourceQuality "1"]
[TimeControl "40/5400+30:1800+30"]

1. e4 {[%emt 0:00:00]} c5 {[%emt 0:00:00]} 2. c3 {[%emt 0:00:00]} Nf6 {[%emt 0:00:22]} 3. e5 {[%emt 0:00:00]} Nd5 {[%emt 0:00:06]} 4. d4 {[%emt 0:00:00]} cxd4 {[%emt 0:00:26]} 5. Nf3 {[%emt 0:00:01]} e6 {[%emt 0:00:04]} 6. cxd4 {[%emt 0:00:22]} d6 {[%emt 0:02:54]} 7. Bc4 {[%emt 0:00:50]} Nb6 {[%emt 0:01:39]} 8. Bb3 {[%emt 0:05:14]} dxe5 {[%emt 0:00:39]} 9. dxe5 {[%emt 0:05:36]} Qxd1+ {[%emt 0:00:21]} 10. Bxd1 {[%emt 0:00:14]} Nc6 {[%emt 0:02:24]} 11. b3 {[%emt 0:14:08]} Nb4 {[%emt 0:03:23]} 12. O-O {[%emt 0:00:47]} Bd7 {[%emt 0:02:47]} 13. a3 {[%emt 0:08:10]} Nd3 {[%emt 0:07:30]} 14. Be2 {[%emt 0:01:28]} Nxc1 {[%emt 0:00:08]} 15. Rxc1 {[%emt 0:00:04]} Nd5 {[%emt 0:01:20]} 16. Nc3 {[%emt 0:01:58]} Nf4 {[%emt 0:00:50]} 17. Bf1 {[%emt 0:11:32]} Rc8 {[%emt 0:08:46]} 18. g3 {[%emt 0:13:17]} Ng6 {[%emt 0:01:08]} 19. Bb5 {[%emt 0:07:44]} Bc6 {[%emt 0:01:35]} 20. Ne4 {[%emt 0:04:50]} Be7 {[%emt 0:02:11]} 21. Nd4 {[%emt 0:08:29]} Nxe5 {[%emt 0:02:08]} 22. f4 {[%emt 0:00:51]} O-O {[%emt 0:00:26]} 23. Nxc6 {[%emt 0:04:03]} Nxc6 {[%emt 0:00:17]} 24. Bxc6 {[%emt 0:00:02]} Rxc6 {[%emt 0:00:34]} 25. Rxc6 {[%emt 0:00:13]} bxc6 {[%emt 0:00:03]} 26. Rc1 {[%emt 0:05:31]} Bxa3 {[%emt 0:00:48]} 27. Rxc6 {[%emt 0:00:03]} a5 {[%emt 0:00:30]} 28. Ra6 {[%emt 0:05:21]} Bb4 {[%emt 0:00:08]} 29. Nd6 {[%emt 0:00:37]} Bxd6 {[%emt 0:01:02]} 30. Rxd6 {[%emt 0:00:02]} h6 {[%emt 0:00:53]} 31. Ra6 {[%emt 0:00:05]} Rb8 {[%emt 0:00:03]} 32. Rxa5 {[%emt 0:00:11]} Rxb3 {[%emt 0:00:03]} 33. Ra8+ {[%emt 0:02:35]} Kh7 {[%emt 0:00:05]} 34. Ra7 {[%emt 0:00:08]} Kg6 {[%emt 0:00:03]} 35. Kg2 {[%emt 0:01:17]} Kf6 {[%emt 0:00:05]} 36. h3 {[%emt 0:00:52]} g5 {[%emt 0:00:12]} 37. Ra4 {[%emt 0:01:16]} Kg6 {[%emt 0:00:20]} 38. Rc4 {[%emt 0:00:35]} Rb2+ {[%emt 0:01:04]} 39. Kf3 {[%emt 0:00:04]} Rh2 {[%emt 0:00:03]} 40. h4 {[%emt 0:00:58]} gxh4 {[%emt 0:00:10]} 41. gxh4 {[%emt 0:04:20]} Rxh4 {[%emt 0:00:24]} 42. Kg3 {[%emt 0:02:24]} Rh1 {[%emt 0:00:07]} 43. Kg2 {[%emt 0:00:38]} Ra1 {[%emt 0:00:05]} 44. Kg3 {[%emt 0:00:43]} h5 {[%emt 0:00:15]} 45. Rc5 {[%emt 0:00:14]} Ra3+ {[%emt 0:01:38]} 46. Kg2 {[%emt 0:00:24]} Rd3 {[%emt 0:00:14]} 47. Rg5+ {[%emt 0:00:08]} Kh6 {[%emt 0:00:15]} 48. Rg8 {[%emt 0:01:17]} h4 {[%emt 0:02:23]} 49. Rh8+ {[%emt 0:00:18]} Kg6 {[%emt 0:00:05]} 50. Rxh4 {[%emt 0:00:06]} Kf5 {[%emt 0:00:05]} 51. Kf2 {[%emt 0:02:43]} Ke4 {[%emt 0:02:29]} 52. Ke2 {[%emt 0:04:55]} Re3+ {[%emt 0:00:17]} 53. Kd2 {[%emt 0:00:17]} Rf3 {[%emt 0:00:26]} 54. f5+ {[%emt 0:00:31]} Kxf5 {[%emt 0:00:06]} 55. Ra4 {[%emt 0:00:06]} Rf4 {[%emt 0:00:35]} 56. Ra5+ {[%emt 0:00:06]} e5 {[%emt 0:00:03]} 57. Ke3 {[%emt 0:00:09]} Rb4 {[%emt 0:00:05]} 58. Ra3 {[%emt 0:00:05]} Rh4 {[%emt 0:00:04]} 59. Ra7 {[%emt 0:00:05]} Rh3+ {[%emt 0:00:06]} 60. Kf2 {[%emt 0:00:05]} f6 {[%emt 0:00:02]} 61. Ra6 {[%emt 0:00:17]} Rb3 {[%emt 0:00:05]} 62. Rc6 {[%emt 0:00:08]} Kg5 {[%emt 0:00:06]} 63. Re6 {[%emt 0:00:12]} Rb5 {[%emt 0:00:27]} 64. Kf3 {[%emt 0:00:15]} f5 {[%emt 0:00:04]} 65. Ra6 {[%emt 0:00:04]} Rb3+ {[%emt 0:00:03]} 66. Kf2 {[%emt 0:00:07]} Kf4 {[%emt 0:00:04]} 67. Ra4+ {[%emt 0:00:05]} e4 {[%emt 0:00:03]} 68. Ra5 {[%emt 0:00:04]} Rb2+ {[%emt 0:00:10]} 69. Ke1 {[%emt 0:00:06]} Kg4 {[%emt 0:00:14]} 70. Kf1 {[%emt 0:00:10]} f4 {[%emt 0:00:05]} 71. Ra3 {[%emt 0:00:26]} e3 {[%emt 0:00:03]} 72. Ra1 {[%emt 0:00:09]} Kf3 {[%emt 0:00:03]} 73. Rc1 {[%emt 0:00:07]} Rd2 {[%emt 0:00:42]} 74. Re1 {[%emt 0:00:29]} e2+ {[%emt 0:00:31]} 75. Kg1 {[%emt 0:00:03]} Rd1 {[%emt 0:00:04]} 0-1